House of the Dragon - Characters by Picture - Statistics

General Stats
  • This quiz has been taken 319 times
  • The average score is 16 of 20
Answer Stats
Picture Answer % Correct
Alicent Hightower
98%
Aegon Targaryen
96%
Aemond Targaryen
96%
Daemon Targaryen
96%
Otto Hightower
95%
Rhaenyra Targaryen
94%
Viserys Targaryen
94%
Helaena Targaryen
87%
Rhaenys Targaryen
86%
Criston Cole
83%
Corlys Velaryon
80%
Aemma Arryn
74%
Lucerys Velaryon
74%
Laenor Velaryon
73%
Harwin Strong
72%
Jacaerys Velaryon
70%
Laena Velaryon
68%
Larys Strong
64%
Mysaria
63%
Vaemond Velaryon
54%
No matching quizzes found
Score Distribution
Percent of People with Each Score
Percentile by Number Answered
Your Score History
You have not taken this quiz